| 000 | 00485nam a2200157 i 4500 | ||
|---|---|---|---|
| 001 | bg | ||
| 245 | 0 |
_aKatalog Nakładów Rzeczowych nr 5-13 / _cMinisterstwo Górnictwa i Energetyki ; [Przedsiębiorstwo Budownictwa Elektroenergetyczego ELBUD. |
|
| 254 | _aKNR5-13 | ||
| 260 |
_aKraków : _bEnergoprojekt, _c1984. |
||
| 650 | 9 | _aelektroenergetyka | |
| 650 | 9 | _alinie wysokiego napięcia | |
| 040 | _cBPK | ||
| 041 | _apl | ||
| 942 | _cKA | ||
| 008 | s pl f |000 0 pol | ||
| 999 |
_c10112 _d10112 |
||
| 856 |
_uhttp://koha.tu.koszalin.pl/cgi-bin/koha/opac-detail.pl?biblionumber=10112 _yKatalog online BPK |
||